| 000 | 00390nam a2200145Ia 4500 | ||
|---|---|---|---|
| 999 |
_c3446 _d3446 |
||
| 020 | _a0-7432-3166-X | ||
| 082 | _a947.0852 TAU-; | ||
| 100 | _aTaubman, William | ||
| 245 | 0 | _aKhrushev : the man and his era | |
| 260 |
_aLondon _bThe Free Press _c2003 |
||
| 300 | _axx, 876p. | ||
| 504 | _aIncludes bibliography and index | ||
| 650 | _aKhrushchev, Nikita Sergeevich - Biography | ||
| 942 | _cBK | ||